000 00502nmm a2200157Ia 4500
008 251105s9999||||xx |||||||||||||||||und||
020 _a9789561412125
041 _aspa
100 _aRodríguez M., Darío
245 0 _aGestión organizacional : elementos para su estudio (5a ed. actualizada)
264 _a[Santiago de Chile, Chile] :
_bEdiciones UC,
_c2011
300 _a348 páginas
650 _aEconomics and Business
856 _uhttps://public.digitaliapublishing.com/a/38244
942 _cCF
999 _c94138
_d94138